| 000 | 00955nas a2200301 4500 | ||
|---|---|---|---|
| 001 | BR9705673 | ||
| 003 | BR-BrBNA | ||
| 005 | 20231205100644.0 | ||
| 007 | ta | ||
| 008 | 230509b bl.|||p| |||| 00| 00por d | ||
| 040 |
_aBR-BrBNA _bpor _cBiblioteca Nacional de Agricultura |
||
| 041 | _a(Pt) | ||
| 072 | _aK10 | ||
| 100 | 1 | _aRosse, L.N. | |
| 100 | 1 | _aDavide, A.C. | |
| 100 | 1 | _aBertolucci, F. de L. | |
| 100 | 1 | _aRamalho, M.P. | |
| 245 | 1 | _aEstimativa de parametros geneticos e fenotipicos da capacidade de rebrotamento e do enraizamento de estacas de clones de Eucalyptus spp | |
| 650 | _aEucalipto | ||
| 650 | _aEnraizamento de Estaca | ||
| 650 | _aSelecao Fenotipa | ||
| 650 | _aSelecao Genotipa | ||
| 650 | _aVariacao Clonal | ||
| 650 | _aAnalise Quantitativa | ||
| 773 | 0 |
_tRevista Arvore (Brazil) _xISSN 0100-6762 _g(Jan-Mar 1996), v. 20(1) p. 51-56 _wBR9705673 |
|
| 909 |
_a202311 _bLúcia _c55 _dLúcia Elande |
||
| 942 |
_2AGRIS _n0 _cANA |
||
| 999 |
_c157264 _d157264 |
||